LEADER 01994nam 2200373Ia 450 001 996384598403316 005 20200824132425.0 035 $a(CKB)4940000000073947 035 $a(EEBO)2240898223 035 $a(OCoLC)ocm11875921e 035 $a(OCoLC)11875921 035 $a(EXLCZ)994940000000073947 100 $a19850402d1699 uy | 101 0 $aeng 135 $aurbn||||a|bb| 200 13$aAn account of a portable barometer, with reasons and rules for the use of it$b[electronic resource] $ehow to weigh the air, measure its height, and foretell all the alteration of weather, the constitution of the atmosphere, and how the effluvia keep off the airs gravitation : with a new account and experiments, how rain, snow, winds, frost, thunder, lightning, hurricans and tornados are produced, and an inquiry, whether the planetary beams or influence can cause an alteration of weather, to be foretold by them : with a sensible demonstration of their influences and the insufficiency of all hygroscopes, thermometers, and other inventions, to discover the alterations of weather by : and lastly, rules and experiments for the certain knowledge of all the alterations of weather, both in quantity and quality /$fby Gust. Parker, Med 210 $aLondon $cPrinted for William Haws ...$d1699 215 $a[8], 102 [i.e. 100], [4], 103-104, [3] p 300 $aAddenda ([4] p.) inserted between p. 102 and p. 103. 300 $a"The table or contents" on p. [1]-[2] at end. 300 $aAdvertisement on p. [3] at end. 300 $aReproduction of original in Patent Office Library, London. 330 $aeebo-0109 606 $aBarometers$vEarly works to 1800 615 0$aBarometers 700 $aParker$b Gustavus$01016850 801 0$bEAA 801 1$bEAA 801 2$bm/c 801 2$bWaOLN 906 $aBOOK 912 $a996384598403316 996 $aAn account of a portable barometer, with reasons and rules for the use of it$92381375 997 $aUNISA